00461nam a2200145Ia 4500008004100000020002700041040001800068041001200086082002700098100001700125245006300142260004500205300001100250500005400261230917s9999||||xx |||||||||||||| ||und|| cGBP 33.00 (RS 3387.45) e5003922aMAIN aEnglish a759.954074794985 G699D aGoswamy, B N 0aDomains of wonder: Selected masterworks of Indian painting aSan DiegobSan Diego Museum of Artc2005 a303 p. a4109 11/10/2021 SBD22/1168 16/12/2021 Main Budget